| 000 | 01356nam a2200313 i 4500 | ||
|---|---|---|---|
| 001 | 000045169 | ||
| 003 | DO-SdBNP | ||
| 005 | 20241014094254.0 | ||
| 007 | ta | ||
| 008 | 150205s2015 dr r 000 0 spa d | ||
| 020 | _a9789993467878 | ||
| 040 |
_aDO-SdBNP _bspa _cBNPHU _erda |
||
| 100 | 1 |
_aLantigua, José Rafael, _d1949- _91438 _4autor _eaut. |
|
| 245 | 1 | 0 |
_aEspacios y resonancias / _cJosé Rafael Lantigua ; prólogo, Franklin Gutiérrez, Alejandro Arvelo, René Rodríguez Soriano. |
| 264 | 4 |
_aSanto Domingo : _bEdiciones Centeno, _c2015. |
|
| 300 |
_avolumenes ; _c23 cm. |
||
| 336 |
_atexto _btxt _2rdacontent |
||
| 337 |
_asin mediación _bn _2rdamedia |
||
| 338 |
_avolumen _bnc _2rdacarrier |
||
| 500 | _aIncluye datos biográficos del autor en la solapa de la contracubierta. | ||
| 500 | _aIncluye referencias bibliográficas y notas al pie de las páginas. | ||
| 505 | 0 |
_gv. 1 _tApuntes literarios _gv. 2 _tGlosas literarias _gv. 3 _tCriterios literarios _gv. 4 _tPerfiles literarios _gv. 5 _tCrónicas literarias _gv. 6 _tCrítica cómplice _gv. 7 _tExordios y encomios |
|
| 590 | _aInventariado, 2020/BT | ||
| 700 | 1 |
_aGutiérrez, Franklin, _d1951- _eprologuista _4pr. _9590 |
|
| 700 | 1 |
_aArvelo, Alejandro, _eprologuista _9147 _4pr. |
|
| 700 | 1 |
_aRodríguez Soriano, René, _d1950- _eprologuista _9232 _4pr. |
|
| 910 | _aBtavárez | ||
| 942 |
_2ddc _cLBS1 |
||
| 999 |
_c44658 _d44658 |
||